|
|
|
|
| LEADER |
00000cam a2200000 7i4500 |
| 001 |
0000012910 |
| 005 |
20080409.0 |
| 008 |
080104 |
| 020 |
|
|
|a 9971773007
|
| 090 |
0 |
0 |
|a 297.2
|b QUD
|
| 100 |
1 |
|
|a Ibnu Qudamah
|
| 245 |
1 |
0 |
|a Was-was bila syaitan membelit manusia
|c Ibnu Qudamah ; penterjemah Syed Ahmad Semait
|
| 260 |
|
|
|a Singapura :
|b Pustaka Nasional Pte Ltd ,
|c 1999
|
| 650 |
|
0 |
|a Islam
|x Doctrines
|
| 700 |
0 |
|
|a Syed Ahmad Semait
|
| 999 |
|
|
|a 0001009501
|b Book
|c Adult Collection
|e Perbadanan Perpustakaan Awam Johor
|
| 999 |
|
|
|a 0001009502
|b Book
|c Adult Collection
|e Perbadanan Perpustakaan Awam Johor
|
| 999 |
|
|
|a 0001009503
|b Book
|c Adult Collection
|e Perbadanan Perpustakaan Awam Johor
|